Badly Drawn Crests #1 - Statistics

General Stats
  • This quiz has been taken 34 times
  • The average score is 13 of 15
Answer Stats
Picture Answer % Correct
Paris Saint-Germain
100%
AC Milan
93%
Arsenal
93%
Barcelona
93%
Borussia Dortmund
93%
Juventus
93%
Real Madrid
93%
Bayern Munich
90%
Inter Milan
90%
Aston Villa
87%
Porto
83%
Olympique Marseille
80%
Olympiacos
70%
AS Monaco
67%
Crvena Zvezda
67%
No matching quizzes found
Score Distribution
Percent of People with Each Score
Percentile by Number Answered
Your Score History
You have not taken this quiz